Численные методы: учебное пособие

Бібліографічні деталі
Автор: Лапчик М. П. Михаил Павлович
Інші автори: Рагулина М. И. Марина Ивановна, Хеннер Е. К. Евгений Карлович
Резюме:В учебном пособии в сжатом виде и на доступном уровне излагаются основные теоретические сведения о численных методах решения прикладных задач, рассматриваются вопросы применения инструментальных средств. Для студентов факультета информатики педагогических вузов, изучающих систематический курс «Численные методы». Будет полезно студентам математических факультетов педагогических вузов, изучающим курс «Информационные технологии в математике».
Мова:Російська
Опубліковано: Москва, Академия, 2005
Редагування:2-е изд., стер.
Серія:Высшее профессиональное образование. Информатика и вычислительная техника
Предмети:
Формат: MixedMaterials Книга
KOHA link:https://koha.lib.tpu.ru/cgi-bin/koha/opac-detail.pl?biblionumber=101877

MARC

LEADER 00000nam0a2200000 4500
001 101877
005 20231031112757.0
010 |a 5769525037 
035 |a (RuTPU)RU\TPU\book\109863 
090 |a 101877 
100 |a 20060918d2005 m y0rusy50 ca 
101 0 |a rus 
102 |a RU 
105 |a a j 001zy 
200 1 |a Численные методы  |e учебное пособие  |f М. П. Лапчик, М. И. Рагулина, Е. К. Хеннер 
205 |a 2-е изд., стер. 
210 |a Москва  |c Академия  |d 2005 
215 |a 384 с.  |c ил. 
225 1 |a Высшее профессиональное образование. Информатика и вычислительная техника 
320 |a Библиогр.: с. 381. 
330 |a В учебном пособии в сжатом виде и на доступном уровне излагаются основные теоретические сведения о численных методах решения прикладных задач, рассматриваются вопросы применения инструментальных средств. Для студентов факультета информатики педагогических вузов, изучающих систематический курс «Численные методы». Будет полезно студентам математических факультетов педагогических вузов, изучающим курс «Информационные технологии в математике». 
451 1 |0 (RuTPU)RU\TPU\book\137670  |y 978-5-7695-4016-5  |t Численные методы  |o учебное пособие  |f М. П. Лапчик, М. И. Рагулина, Е. К. Хеннер  |g под ред. М. П. Лапчика  |e 3-е изд., стер.  |c М.  |n Академия  |d 2007  |p 384 с.  |s Высшее профессиональное образование. Информатика и вычислительная техника  |a Лапчик, Михаил Павлович 
610 1 |a численные методы 
610 1 |a ошибки 
610 1 |a приближенные вычисления 
610 1 |a погрешности 
610 1 |a алгебраические уравнения 
610 1 |a трансцендентные уравнения 
610 1 |a системы уравнений 
610 1 |a приближения 
610 1 |a численное дифференцирование 
610 1 |a численное интегрирование 
610 1 |a дифференциальные уравнения 
610 1 |a решение 
610 1 |a учебные пособия 
675 |a 519.6(075.8)  |v 3 
700 1 |a Лапчик  |b М. П.  |g Михаил Павлович 
701 1 |a Рагулина  |b М. И.  |g Марина Ивановна 
701 1 |a Хеннер  |b Е. К.  |g Евгений Карлович 
801 1 |a RU  |b 63413507  |c 20060918  |g PSBO 
801 2 |a RU  |b 63413507  |c 20211018  |g PSBO 
942 |c BK 
959 |a 12/20060214  |d 2  |e 0  |f АНЛ:1  |f НФ:1